Statistiken für Fußballer nach Bildern #3

Klicken Sie hier um das Quiz zu spielen!

Allgemein

  • Dieses Quiz wurde 553 mal gespielt
  • Das Durchschnittsergebnis liegt bei 12 aus 16

Antwortstatistiken

Antwort% Korrekt
Serge Gnabry
96%
Paulo Dybala
93%
Kevin-Prince Boateng
91%
Florian Wirtz
89%
Kasper Schmeichel
89%
Emiliano Martínez
84%
Hakim Ziyech
79%
Alexandre Lacazette
78%
Dimitri Payet
78%
Simon Terodde
78%
Ronald Araújo
76%
Jesper Lindstrøm
65%
Koke
63%
José Luis Gayá
56%
Steven Berghuis
51%
Ryan Kent
50%

Verteilung der Resultate

Perzentil nach korrekt beantworteten Fragen

Anzahl Personen mit jedem Resultat

Ihre Resultats-Entwicklung

Sie haben dieses Quiz noch nicht gespielt